01085cam a2200265 a 4500003001100000005001700011008004100028020002700069040001100096050002200107055003000129245014800159250008100307260003700388300005200425336002600477337002800503338002700531650004200558700001900600700002500619700003000644700001900674772012600693CaOOAMICUS20210707081155.0071126s2009 oncak b 000 0 eng  a9780779699964 (pbk.) : cCaOONL aRT81.5b.N87 2008 0aRT81.5bN8724 2008 Suppl.00aStudy guide for Nursing research in Canada :bmethods and critical appraisal for evidence-based practice /c[Geri LoBiondo-Wood, Judith Haber]. aSecond Canadian edition /bCanadian editors, Cherylyn Cameron, Mina D. Singh aToronto :bMosby Canada,cc2009. axi, 212 pages :billustrations, forms ;c24 cm. atextbtxt2rdacontent aunmediatedbn2rdamedia avolumebnc2rdacarrier 0aNursingxResearchzCanadavTextbooks.1 aHaber, Judith.1 aLoBiondo-Wood, Geri.1 aCameron, Cherylyn,d1958-1 aSingh, Mina D.0 aLoBiondo-Wood, Geri.tNursing research in Canada.b2nd Canadian ed..dToronto : Mosby Canada, c2009.w(CaOONL)20079072984